|
|
|
|
| LEADER |
00000nam0a2200000 4500 |
| 001 |
279080 |
| 005 |
20231101235157.0 |
| 020 |
|
|
|a RU
|b 86-24274
|
| 035 |
|
|
|a (RuTPU)RU\TPU\book\302358
|
| 090 |
|
|
|a 279080
|
| 100 |
|
|
|a 20141216d1986 km y0rusy5003 ca
|
| 101 |
0 |
|
|a rus
|
| 102 |
|
|
|a UA
|
| 105 |
|
|
|a a z 001zy
|
| 200 |
1 |
|
|a Математическое моделирование систем водоснабжения. Введение в системный анализ
|f Л. А. Кульский [и др.]
|g Академия наук Украинской ССР (АН УССР), Институт коллоидной химии и химии воды им. А. В. Думанского ; под ред. Л. А. Кульского
|
| 210 |
|
|
|a Киев
|c Наук. думка
|d 1986
|
| 215 |
|
|
|a 117 с.
|c ил.
|d 22 см
|
| 320 |
|
|
|a Библиогр.: с. 115 (26 назв.)
|
| 606 |
1 |
|
|a Водопроводные сооружения
|x В целом
|2 stltpush
|3 (RuTPU)RU\TPU\subj\2934
|9 31428
|
| 610 |
1 |
|
|a математическое моделирование
|
| 610 |
1 |
|
|a внешние воздействия
|
| 610 |
1 |
|
|a отклики
|
| 610 |
1 |
|
|a сложные системы
|
| 610 |
1 |
|
|a модели
|
| 610 |
1 |
|
|a водоочистка
|
| 610 |
1 |
|
|a проблемы
|
| 610 |
1 |
|
|a классификация
|
| 610 |
1 |
|
|a монографии
|
| 675 |
|
|
|a 628.1
|z rus
|v 4
|
| 701 |
|
1 |
|a Кульский
|b Л. А.
|g Леонид Адольфович
|
| 701 |
|
1 |
|a Иванов
|b В. В.
|g Владимир Васильевич
|
| 701 |
|
1 |
|a Иванов
|b В. В.
|g Владимир Владимирович
|
| 701 |
|
1 |
|a Рогов
|b В. М.
|g Владимир Михайлович
|
| 702 |
|
1 |
|a Кульский
|b Л. А.
|g Леонид Адольфович
|4 340
|
| 712 |
0 |
2 |
|a Академия наук Украинской ССР (АН УССР)
|b Институт коллоидной химии и химии воды им. А. В. Думанского
|c (Киев)
|2 stltpush
|3 (RuTPU)RU\TPU\col\11823
|
| 801 |
|
0 |
|a RU
|b RuMRKP
|c 19950704
|g psbo
|
| 801 |
|
1 |
|a RU
|b 63413507
|c 20141216
|
| 801 |
|
2 |
|a RU
|b 63413507
|c 20180126
|g RCR
|
| 942 |
|
|
|c BK
|